Library of the University of Algiers 3
Ibrahim Sultan Cheibout
شعار جامعة الجزائر 3
مكتبة جامعة الجزائر 3
إبراهيم سلطان شيبوط

الإتجاهات الحديثة في اقتصاديات الإدارة : (رقم التسجيلة. 45561)

تفاصيل مارك
000 -LEADER
fixed length control field 01354nam a2200205Ia 4500
003 - CONTROL NUMBER IDENTIFIER
control field Ost
005 - DATE AND TIME OF LATEST TRANSACTION
control field 20260507075649.0
008 - FIXED-LENGTH DATA ELEMENTS--GENERAL INFORMATION
fixed length control field 260507s9999||||xx |||||||||||||| ||und||
040 ## - CATALOGING SOURCE
Transcribing agency fsecg
041 ## - LANGUAGE CODE
Language code of text/sound track or separate title ara
082 ## - DEWEY DECIMAL CLASSIFICATION NUMBER
Classification number 658.403
100 ## - MAIN ENTRY--PERSONAL NAME
Personal name الليثي، محمد على
Relator term مؤلف
245 #0 - TITLE STATEMENT
Title الإتجاهات الحديثة في اقتصاديات الإدارة :
Remainder of title مدخل الى الألفية الثالثة /
Statement of responsibility, etc. محمد على الليثي
260 ## - PUBLICATION, DISTRIBUTION, ETC.
Place of publication, distribution, etc. القاهرة:
Name of publisher, distributor, etc. الدار الجامعية للنشر,
Date of publication, distribution, etc. 2005
300 ## - PHYSICAL DESCRIPTION
Extent 813 صفحة؛
Other physical details إيضاحات ؛
Dimensions 24 سم
520 ## - SUMMARY, ETC.
Summary, etc. الطلب والعرض والتوازن- الإنتاج والتكاليف- هيكل السوق والتسعير- المماراسات السعرية- التحليل القراري- تقويم الإستثمار- نماذج النقل والتوزيع- مسألة التخزين في الإقتصاد الإداري- استخدام نظرية المباريات في إقتصاديات الإدارة- البرمجة الخطية وإقتصاديات الإدارة- إدارة المشروعات- إدارة الجودة الشاملة وإقتصاديات الإدارة.
653 ## - INDEX TERM--UNCONTROLLED
Uncontrolled term إقتصاديات الإدارة- الألفية الثالثة
700 ## - ADDED ENTRY--PERSONAL NAME
Personal name سيفين، لطفي لويز
Relator term مؤلف ثانوي
942 ## - ADDED ENTRY ELEMENTS (KOHA)
Koha item type كتب

لا توجد مواد متاحة.

موارد الويب المفتوحة


© University of Algiers 3 All Rights Reserved
|
Implemented by LECHELAH Riad